| 000 | 00818nam a2200229 a 4500 | ||
|---|---|---|---|
| 005 | 20140310183310.0 | ||
| 008 | 051012s19uu xx 00 eng d | ||
| 020 | _a0721603165 | ||
| 050 |
_aRC 440 _b.V374 2004 |
||
| 100 | _aVarcarolis, Elizabeth M. | ||
| 245 |
_aManual of psychiatric nursing care plans : _bdiagnose, clinical tools, and psychopharmacology / _cElizabeth M. Varcarolis. |
||
| 250 | _a2nd ed. | ||
| 260 |
_aSt. Louis, MO : _bSaunders/Elsevier, _c2004. |
||
| 300 |
_avi, 756 p. ; _bill. ; _c19 cm. |
||
| 521 | _aNUR | ||
| 650 |
_aPsychiatric nursing _xHandbooks, manuals etc. |
||
| 650 |
_aNursing assessment _xHanbooks, manuals, etc. |
||
| 650 |
_aNursing care plans _xHandbooks, manuals etc. |
||
| 650 |
_aPsychopharmacology _xHanbooks, manuals, etc. |
||
| 942 |
_cBK _2lcc _kFOR |
||
| 999 |
_c21120 _d21120 |
||